中国人民解放军四大军种与四大兵种 Branches of PLA - Statistics

General Stats
  • This quiz has been taken 31 times
  • The average score is 6 of 8
Answer Stats
Picture Answer % Correct
陆军
100%
海军
100%
空军
100%
火箭军
96%
联勤保障部队
52%
网络空间部队
48%
信息支援部队
41%
军事航天部队
30%
No matching quizzes found
Score Distribution
Percent of People with Each Score
Percentile by Number Answered
Your Score History
You have not taken this quiz